000 00351nam a2200133Ia 4500
008 240624s9999 xx 000 0 und d
041 _aeng
082 _a158 HAL
100 _aHALVORSON HEIDI GRANT
245 _a9 THINGS SUCCESSFUL PEOPLE DO DIFFERENTL
260 _c2012
_aNew Delhi
_bHarvard Business Press
300 _a106 : p.
365 _cRS
_b25
999 _c21138
_d21138